Các nước Đông Âu gia nhập liên minh châu Âu và những tác động tới Việt Nam

Đã lưu trong:
Sonraí Bibleagrafaíochta
Príomhúdar: Nguyễn, Quang Thuấn
Formáid: Leabhar
Teanga:Undetermined
Foilsithe: Hà Nội Khoa học Xã hội 2005
Ábhair:
Clibeanna: Cuir Clib Leis
Gan Chlibeanna, Bí ar an gcéad duine leis an taifead seo a chlibeáil!
Thư viện lưu trữ: Trung tâm Học liệu Trường Đại học Cần Thơ
LEADER 00686nam a2200193Ia 4500
001 CTU_103648
008 210402s9999 xx 000 0 und d
082 |a 330.947 
082 |b Th502 
100 |a Nguyễn, Quang Thuấn 
245 0 |a Các nước Đông Âu gia nhập liên minh châu Âu và những tác động tới Việt Nam 
245 0 |c Nguyễn Quang Thuấn, Nguyễn An Hòa 
260 |a Hà Nội 
260 |b Khoa học Xã hội 
260 |c 2005 
650 |a Eastern Europe,Eastern Europe 
650 |x Economic conditions,Social conditions 
904 |i Năm 
980 |a Trung tâm Học liệu Trường Đại học Cần Thơ